Freud (notice n° 1567403)

détails MARC
000 -LEADER
fixed length control field 01293cam a2200133 4500500
005 - DATE AND TIME OF LATEST TRANSACTION
control field 20251214002753.0
041 ## - LANGUAGE CODE
Language code of text/sound track or separate title fre
042 ## - AUTHENTICATION CODE
Authentication code dc
100 10 - MAIN ENTRY--PERSONAL NAME
Personal name Sédat, Jacques
Relator term author
245 00 - TITLE STATEMENT
Title Freud
260 ## - PUBLICATION, DISTRIBUTION, ETC.
Name of publisher, distributor, etc. Armand Colin,<br/>
Date of publication, distribution, etc. 2010.<br/>
520 ## - SUMMARY, ETC.
Summary, etc. La psychanalyse n’est pas née d’un coup du cerveau de Freud. Cette discipline distincte de la médecine et de la philosophie est la résultante d’une réflexion sans cesse remaniée et d’une pratique clinique dans le cadre de la cure analytique qui, pour Freud, doit permettre à chacun de trouver ce qu’il sait sans le savoir et de construire son histoire personnelle comme sujet. Ce livre met à jour les étapes du développement de la pensée de Freud, dans sa dimension chronologique, sans postuler initialement une continuité ou une cohérence de l’œuvre. Elle expose les principaux concepts freudiens – sexualité infantile, inconscient, sentiment de culpabilité, complexe d’Œdipe, transfert, relation analyste/analysant – dans leur acte de naissance et non dans une synthèse réalisée après coup. La 2e édition, totalement réactualisée, s’enrichit d’un chapitre sur la formation du psychanalyste. 
856 41 - ELECTRONIC LOCATION AND ACCESS
Uniform Resource Identifier <a href="https://shs.cairn.info/freud--9782200244682?lang=fr&redirect-ssocas=7080">https://shs.cairn.info/freud--9782200244682?lang=fr&redirect-ssocas=7080</a>

Pas d'exemplaire disponible.

PLUDOC

PLUDOC est la plateforme unique et centralisée de gestion des bibliothèques physiques et numériques de Guinée administré par le CEDUST. Elle est la plus grande base de données de ressources documentaires pour les Étudiants, Enseignants chercheurs et Chercheurs de Guinée.

Adresse

627 919 101/664 919 101

25 boulevard du commerce
Kaloum, Conakry, Guinée

Réseaux sociaux

Powered by Netsen Group @ 2025